| 000 | 00399 a2200145 4500 | ||
|---|---|---|---|
| 005 | 20250626080638.0 | ||
| 020 | _a0-534-17916-9 | ||
| 082 | _a808.0427 TYN | ||
| 100 | _aTYNER, T. E. | ||
| 245 | _aCollege Writings Basics: A Progressive Approach | ||
| 250 | _a3rd Ed. | ||
| 260 |
_aCalfonia _bWadsworth Publishing Company _c1993 |
||
| 300 |
_axviii; 313Pages; Index _bPictures _c23cm |
||
| 942 |
_2ddc _cBKS |
||
| 999 |
_c5235 _d5235 |
||